000 00967nam a2200217Ia 4500
003 OSt
005 20200922181758.0
008 191128s1986 ck gr 000 0 spa d
040 _aCO-JMCR
_cCO-JMCR
041 0 _aspa
082 0 4 _a918.611 /
_bS773r
_223
100 1 _aStriffler, Luis,
_eautor
_910693
245 1 3 _aEl río Cesar :
_brelación de un viaje a la Sierra Nevada de Santa Marta en 1876 /
_cLuis Striffler
260 _aBogotá :
_bSenado de la República,
_c1986
300 _a366 páginas ;
_c24 cm.
490 0 _aObras selectas
505 0 _aAdvertencia en cuanto a etimología -- Lo que es el río Cesar -- Lo que es el Valle de Upar -- Las minas del Estado de Magdalena -- Los tesoros de la Nevada de Santa Marta -- Cómo se penetra en el Valle -- Extracción del bálsamo de Tolú
651 4 _aCesar (Río, Colombia)
_zDescripción
_910694
651 4 _aSierra Nevada de Santa Marta (Colombia)
_xdescripciones y viajes
_910695
942 _cBK
_2ddc
999 _c6232
_d6232